| 000 | 00467nam a2200193 a 4500 | ||
|---|---|---|---|
| 001 | 12554 | ||
| 003 | CO-ViMGA | ||
| 008 | 141112s2004 ck r 000 u spa d | ||
| 020 | _a8432206601 | ||
| 040 |
_aCO-ViMGA _bspa _cCO-ViMGA |
||
| 082 | 0 | 4 | _aM 864 P348al |
| 100 | 1 | _aPaz, Octavio | |
| 245 | 1 | 0 | _aAl paso |
| 260 |
_aBarcelona : _bSeix Barral, _c1992 |
||
| 300 | _a212p. | ||
| 490 | _aBiblioteca Breve | ||
| 650 | 1 | 4 |
_aENSAYOS COLOMBIANOS _91215 |
| 942 |
_2ddc _cBK |
||
| 999 |
_c23549 _d23549 |
||